| 000 | 00483nam a2200169 a 4500 | ||
|---|---|---|---|
| 001 | 37405 | ||
| 005 | 20180714010333.0 | ||
| 008 | 140415d 000 0 eng d | ||
| 020 | _a0130604348 | ||
| 041 | _aeng | ||
| 082 |
_a428.24 _bAZA |
||
| 100 | 1 | _aAZAR, BETTY SCHRAMFER | |
| 245 | 1 | 0 | _aBASIC ENGLISH GRAMMAR |
| 260 |
_a[s.l.] : _bPRENTICE-HALL, _c[s.f.] |
||
| 300 | _a284 | ||
| 650 | 1 | 4 |
_aINGLES _xGRAMATICA COMPARADA Y GENERAL _xINGLES _xTEXTOS PARA EXTRANJEROS |
| 999 |
_c37405 _d37405 |
||